大转向 (Record no. 68134)

000 -LEADER
fixed length control field 00549nam a22001937a 4500
003 - CONTROL NUMBER IDENTIFIER
control field MPLRDC
005 - DATE AND TIME OF LATEST TRANSACTION
control field 20220104203447.0
008 - FIXED-LENGTH DATA ELEMENTS--GENERAL INFORMATION
fixed length control field 210129b ||||| |||| 00| 0 eng d
020 ## - INTERNATIONAL STANDARD BOOK NUMBER
International Standard Book Number 978-986-262-191-2
082 ## - DEWEY DECIMAL CLASSIFICATION NUMBER
Classification number 740.241 GRE
100 ## - MAIN ENTRY--PERSONAL NAME
Personal name 葛林布莱 STEPHEN GREENBLATT
245 ## - TITLE STATEMENT
Title 大转向
Statement of responsibility, etc. 黄煜文 译
250 ## - EDITION STATEMENT
Edition statement 出版
260 ## - PUBLICATION, DISTRIBUTION, ETC.
Place of publication, distribution, etc. 台湾
Name of publisher, distributor, etc. 猫头鹰出版
Date of publication, distribution, etc. 2014
300 ## - PHYSICAL DESCRIPTION
Other physical details
520 ## - SUMMARY, ETC.
Summary, etc. 新书上架 2018-08-16。<br/>2018-05-25 铅笔记录--pg.部分页面。
650 ## - SUBJECT ADDED ENTRY--TOPICAL TERM
Topical term or geographic name entry element 文艺复兴期
942 ## - ADDED ENTRY ELEMENTS (KOHA)
Koha item type Book
-- 740.241 GRE
Holdings
Withdrawn status Lost status Source of classification or shelving scheme Damaged status Not for loan Collection code Home library Current library Shelving location Date acquired Cost, normal purchase price Total Checkouts Full call number Barcode Date last seen Date last checked out Price effective from Koha item type Public note
            Malaysian Public Library, Research and Development Centre Malaysian Public Library, Research and Development Centre   26/07/2018 54.30   740.241 GRE 00061658 18/03/2021 29/01/2019 18/03/2021 Book mplrdc

© 2022. Malaysian Public Library, Research and Development Centre. All Right ReservedE-mailmplrdc@help.edu.my 

Powered by Koha